| 000 | ncm a22 a 4500 | ||
|---|---|---|---|
| 999 |
_c350282 _d350282 |
||
| 003 | BLK | ||
| 005 | 20200427160753.0 | ||
| 008 | 200329b bu ||||| |||| 00| 0 bu d | ||
| 040 | _aBLK | ||
| 041 |
_aDEU _cDEU |
||
| 080 |
_aОбой, английски рог, любовен обой. Гами, етюди, нач. школи _b788.7.087.5 _x788.7.087.5 |
||
| 100 |
_9407690 _aБелоли, Агустино _eпърви автор |
||
| 139 |
_aБелоли, Агустино _bБ 33 |
||
| 245 |
_aAusgewahlte Etuden fur Horn _cAgostino Belloli; hrsg. von Peter Damm _nHeft 1 _pSechs ausgewahlte Etuden _bHeft 1-3 |
||
| 257 | _aDEU | ||
| 260 |
_9402638 _aLeipzig _bFriedrich Hofmeister _c1970 |
||
| 300 | _c30 см | ||
| 380 | _a7 | ||
| 490 |
_9403029 _aHofmeister Studienwerke |
||
| 650 | 0 |
_9403118 _aАнглийски рог - гами, етюди |
|
| 653 | 0 |
_9403119 _aанглийски рог |
|
| 653 | 7 |
_9186510 _aетюди |
|
| 700 |
_9124 _aDamm. Peter _ehrsg. |
||
| 760 |
_aBelloli, Agostino _h21 с. _oHeft 1 |
||
| 852 |
_aЦб М ІІ 9233 _bИП |
||
| 942 |
_cNOT _n0 _s1 |
||
| 944 |
_aCR _c2020-03-29 _kВалентина Караджова |
||
| 999 | _d350282 | ||
| 999 | _d350282 | ||
| 999 | _d350282 | ||
| 999 | _d350161 | ||
| 999 | _d350161 | ||
| 999 | _d350124 | ||
| 999 | _d350124 | ||
| 999 | _d350108 | ||
| 999 | _d350108 | ||
| 999 | _d350108 | ||
| 999 | _d349788 | ||